000
00293nam a22001337a 4500
008
181012b xxu||||| |||| 00| 0 eng d
020
_a
9781556426728
041
_a
eng
080
_2
5th
_a
617
100
_a
8
101
_a
OFT
245
_a
Neuro-Ophthalmology
_c
Kline,L.B
942
_2
udc
_c
BK
999
_c
49471
_d
49471